000 00495nam a2200181Ia 4500
005 20250326125454.0
008 250326s9999 xx 000 0 und d
037 _aTextbook
040 _aFMSL
_beng
_cFMSL
041 _aeng
_2eng
084 _aY:4 K0
_qFMSL
100 _aNelson L
_980767
245 0 _aCommunity structure and change
_cNelson L; Ramsey C E And Others
260 _aNY
_bNY, Macmillan
_c1968
300 _a464p
942 _cTB
_hY:4 K0
999 _c1278213
_d1278213